000 01105nam a2200229Ia 4500
001 8765
003 GE_BSU
008 181216s||||||||xx |||||||||||||| ||und||
040 _cGE_BSU
080 _a821.353.1–32
100 _aირეთელი, პოლიო
245 _aკედელი:მოთხრობები,მოგონებები,პიესები
245 _bმოთხრობები,მოგონებები,პიესები.
245 _cწიგნი შეადგ.თ.ანდღულაძემ და ც.კალანდაძემ; წინასიტყვ:შ.აფხაიძის. რედ:გრ.ჩიქოვანი. მხატ:ირ.ჯანაშვილი.:
260 _aთბილისი
260 _bლიტერატურა და ხელოვნება
260 _c1964
300 _a395გვ; 1ფ.პორტრ. 20სმ.
653 _aკედელი
653 _aმოთხრობები,მოგონებები,პიესები.
942 _cBK
999 _c42075
_d42075